Environmental biology (Record no. 42009)
[ view plain ]
| 000 -LEADER | |
|---|---|
| fixed length control field | 00265nam a2200109Ia 4500 |
| 082 ## - DEWEY DECIMAL CLASSIFICATION NUMBER | |
| Classification number | 574.2 |
| Item number | AGA |
| 100 ## - MAIN ENTRY--AUTHOR NAME | |
| Personal name | Agarwal, K C |
| 245 #0 - TITLE STATEMENT | |
| Title | Environmental biology |
| 260 ## - PUBLICATION, DISTRIBUTION, ETC. (IMPRINT) | |
| Place of publication | Bikaner |
| Name of publisher | AgroBotanica |
| Year of publication | 1999 |
| 942 ## - ADDED ENTRY ELEMENTS (KOHA) | |
| Koha item type | Books |
| Withdrawn status | Lost status | Damaged status | Not for loan | Home library | Current library | Date acquired | Cost, normal purchase price | Full call number | Accession Number | Koha item type |
|---|---|---|---|---|---|---|---|---|---|---|
| RRII Library | RRII Library | 16/12/2021 | 600.00 | 574.2 AGA | 22289 | Books |